Quelle ligne du métro de Paris passe par cette station? - Statistiques

Statistiques générales
  • Ce quiz a été pris 67 fois
  • Le résultat moyen est 294 sur 352
Statistiques - réponses
Question Tuile Select % Correct
République 12 Non
97%
République 13 Non
97%
République 14 Non
97%
République 3bis Non
97%
République 6 Non
97%
République 7bis Non
97%
République 10 Non
95%
République 2 Non
95%
République 4 Non
95%
République 1 Non
93%
Grands Boulevards 1 Non
92%
Grands Boulevards 10 Non
92%
Grands Boulevards 11 Non
92%
Grands Boulevards 12 Non
92%
Grands Boulevards 13 Non
92%
Grands Boulevards 14 Non
92%
Grands Boulevards 2 Non
92%
Grands Boulevards 3bis Non
92%
Grands Boulevards 4 Non
92%
Grands Boulevards 5 Non
92%
Grands Boulevards 7bis Non
92%
Laumière 1 Non
90%
Mairie de Saint-Ouen 1 Non
90%
Odéon 1 Non
90%
Château Rouge 1 Non
90%
Mairie de Saint-Ouen 10 Non
90%
Château Rouge 10 Non
90%
Guy Môquet 11 Non
90%
Mairie de Saint-Ouen 11 Non
90%
Château Rouge 11 Non
90%
Laumière 12 Non
90%
Guy Môquet 12 Non
90%
Mairie de Saint-Ouen 12 Non
90%
Odéon 12 Non
90%
Odéon 13 Non
90%
Laumière 14 Non
90%
Guy Môquet 14 Non
90%
Odéon 14 Non
90%
Château Rouge 14 Non
90%
Guy Môquet 2 Non
90%
Mairie de Saint-Ouen 2 Non
90%
Odéon 2 Non
90%
Mairie de Saint-Ouen 3 Non
90%
Odéon 3 Non
90%
Laumière 3bis Non
90%
Mairie de Saint-Ouen 3bis Non
90%
Odéon 3bis Non
90%
Château Rouge 3bis Non
90%
Laumière 4 Non
90%
Guy Môquet 4 Non
90%
Mairie de Saint-Ouen 4 Non
90%
Guy Môquet 5 Non
90%
Odéon 5 Non
90%
Mairie de Saint-Ouen 6 Non
90%
Grands Boulevards 6 Non
90%
Odéon 6 Non
90%
Château Rouge 6 Non
90%
République 7 Non
90%
Mairie de Saint-Ouen 7 Non
90%
Grands Boulevards 7 Non
90%
Château Rouge 7 Non
90%
Guy Môquet 7bis Non
90%
Mairie de Saint-Ouen 7bis Non
90%
Odéon 7bis Non
90%
Château Rouge 7bis Non
90%
Mairie de Saint-Ouen 8 Non
90%
Odéon 8 Non
90%
Château Rouge 8 Non
90%
Mairie de Saint-Ouen 9 Non
90%
Château Rouge 9 Non
90%
Guy Môquet 1 Non
88%
École Vétérinaire de Maisons-Alfort 1 Non
88%
Villejuif - Gustave Roussy 1 Non
88%
Porte des Lilas 1 Non
88%
Laumière 10 Non
88%
École Vétérinaire de Maisons-Alfort 10 Non
88%
Reuilly-Diderot 10 Non
88%
Villejuif - Gustave Roussy 10 Non
88%
Laumière 11 Non
88%
École Vétérinaire de Maisons-Alfort 11 Non
88%
Odéon 11 Non
88%
Reuilly-Diderot 11 Non
88%
Villejuif - Gustave Roussy 11 Non
88%
École Vétérinaire de Maisons-Alfort 12 Non
88%
Villejuif - Gustave Roussy 12 Non
88%
Château Rouge 12 Non
88%
Porte des Lilas 12 Non
88%
Laumière 13 Non
88%
École Vétérinaire de Maisons-Alfort 13 Non
88%
Reuilly-Diderot 13 Non
88%
Villejuif - Gustave Roussy 13 Non
88%
École Vétérinaire de Maisons-Alfort 14 Non
88%
Reuilly-Diderot 14 Non
88%
Porte des Lilas 14 Non
88%
École Vétérinaire de Maisons-Alfort 2 Non
88%
Reuilly-Diderot 2 Non
88%
Villejuif - Gustave Roussy 2 Non
88%
Château Rouge 2 Non
88%
Porte des Lilas 2 Non
88%
École Vétérinaire de Maisons-Alfort 3 Non
88%
Villejuif - Gustave Roussy 3 Non
88%
Château Rouge 3 Non
88%
Guy Môquet 3bis Non
88%
École Vétérinaire de Maisons-Alfort 3bis Non
88%
Reuilly-Diderot 3bis Non
88%
Reuilly-Diderot 4 Non
88%
Villejuif - Gustave Roussy 4 Non
88%
Porte des Lilas 4 Non
88%
Mairie de Saint-Ouen 5 Non
88%
École Vétérinaire de Maisons-Alfort 5 Non
88%
Reuilly-Diderot 5 Non
88%
Villejuif - Gustave Roussy 5 Non
88%
Château Rouge 5 Non
88%
Laumière 6 Non
88%
Villejuif - Gustave Roussy 6 Non
88%
Odéon 7 Non
88%
École Vétérinaire de Maisons-Alfort 7bis Non
88%
Reuilly-Diderot 7bis Non
88%
Villejuif - Gustave Roussy 7bis Non
88%
Guy Môquet 8 Non
88%
Villejuif - Gustave Roussy 8 Non
88%
Porte des Lilas 8 Non
88%
Guy Môquet 9 Non
88%
École Vétérinaire de Maisons-Alfort 9 Non
88%
Odéon 9 Non
88%
Villejuif - Gustave Roussy 9 Non
88%
Porte des Lilas 9 Non
88%
Porte des Lilas 10 Non
86%
Nationale 11 Non
86%
Reuilly-Diderot 12 Non
86%
Château Rouge 13 Non
86%
Nationale 13 Non
86%
Nationale 14 Non
86%
Guy Môquet 3 Non
86%
Grands Boulevards 3 Non
86%
Reuilly-Diderot 3 Non
86%
Nationale 3 Non
86%
Villejuif - Gustave Roussy 3bis Non
86%
Nationale 3bis Non
86%
École Vétérinaire de Maisons-Alfort 4 Non
86%
Nationale 4 Non
86%
Porte des Lilas 5 Non
86%
Nationale 5 Non
86%
Guy Môquet 6 Non
86%
École Vétérinaire de Maisons-Alfort 6 Non
86%
Porte des Lilas 6 Non
86%
Laumière 7 Non
86%
Reuilly-Diderot 7 Non
86%
Porte des Lilas 7 Non
86%
Laumière 7bis Non
86%
Nationale 7bis Non
86%
Laumière 8 Non
86%
Nationale 8 Non
86%
Laumière 9 Non
86%
Reuilly-Diderot 9 Non
86%
Nationale 9 Non
86%
Ternes 1 Non
85%
Anatole France 1 Non
85%
Montreuil-Hôpital 1 Non
85%
Temple 1 Non
85%
Nationale 1 Non
85%
Guy Môquet 10 Non
85%
Anatole France 10 Non
85%
Ternes 11 Non
85%
Ternes 12 Non
85%
Temple 12 Non
85%
Nationale 12 Non
85%
Anatole France 13 Non
85%
Montreuil-Hôpital 13 Non
85%
Porte des Lilas 13 Non
85%
Temple 13 Non
85%
Ternes 14 Non
85%
Anatole France 14 Non
85%
Temple 14 Non
85%
Laumière 2 Non
85%
Montreuil-Hôpital 2 Non
85%
Laumière 3 Non
85%
Montreuil-Hôpital 3 Non
85%
Ternes 3bis Non
85%
Anatole France 3bis Non
85%
Ternes 4 Non
85%
Montreuil-Hôpital 4 Non
85%
Temple 4 Non
85%
Ternes 5 Non
85%
Anatole France 5 Non
85%
Temple 5 Non
85%
Ternes 6 Non
85%
Montreuil-Hôpital 6 Non
85%
Reuilly-Diderot 6 Non
85%
Temple 6 Non
85%
Guy Môquet 7 Non
85%
Temple 7 Non
85%
Nationale 7 Non
85%
Anatole France 7bis Non
85%
Montreuil-Hôpital 7bis Non
85%
Porte des Lilas 7bis Non
85%
Temple 7bis Non
85%
Ternes 8 Non
85%
Jasmin 1 Non
83%
Censier-Daubenton 1 Non
83%
Montreuil-Hôpital 10 Non
83%
Temple 10 Non
83%
Censier-Daubenton 11 Non
83%
Anatole France 12 Non
83%
Montreuil-Hôpital 12 Non
83%
Ternes 13 Non
83%
Jasmin 13 Non
83%
Censier-Daubenton 13 Non
83%
Montreuil-Hôpital 14 Non
83%
Censier-Daubenton 14 Non
83%
Temple 2 Non
83%
Nationale 2 Non
83%
Porte des Lilas 3 Non
83%
Montreuil-Hôpital 3bis Non
83%
Censier-Daubenton 3bis Non
83%
Temple 3bis Non
83%
Anatole France 4 Non
83%
Jasmin 4 Non
83%
Censier-Daubenton 4 Non
83%
Montreuil-Hôpital 5 Non
83%
Censier-Daubenton 5 Non
83%
Anatole France 6 Non
83%
Jasmin 6 Non
83%
Ternes 7 Non
83%
École Vétérinaire de Maisons-Alfort 7 Non
83%
Ternes 7bis Non
83%
Jasmin 7bis Non
83%
Anatole France 8 Non
83%
Montreuil-Hôpital 8 Non
83%
Jasmin 8 Non
83%
Temple 8 Non
83%
Anatole France 9 Non
83%
Censier-Daubenton 9 Non
83%
Félix Faure 1 Non
81%
Plaisance 1 Non
81%
Ternes 10 Non
81%
Nationale 10 Non
81%
Anatole France 11 Non
81%
Jasmin 11 Non
81%
Félix Faure 11 Non
81%
Temple 11 Non
81%
Jasmin 12 Non
81%
Plaisance 12 Non
81%
Censier-Daubenton 12 Non
81%
Félix Faure 13 Non
81%
Jasmin 14 Non
81%
Félix Faure 14 Non
81%
Plaisance 14 Non
81%
Jasmin 2 Non
81%
Censier-Daubenton 2 Non
81%
Jasmin 3 Non
81%
Plaisance 3 Non
81%
Jasmin 3bis Non
81%
Félix Faure 3bis Non
81%
Félix Faure 4 Non
81%
République 5 Oui
81%
Jasmin 5 Non
81%
Félix Faure 5 Non
81%
Plaisance 5 Non
81%
Censier-Daubenton 6 Non
81%
Anatole France 7 Non
81%
Montreuil-Hôpital 7 Non
81%
Plaisance 7 Non
81%
Félix Faure 7bis Non
81%
Plaisance 7bis Non
81%
École Vétérinaire de Maisons-Alfort 8 Oui
81%
Plaisance 8 Non
81%
Ternes 9 Non
81%
Temple 9 Non
81%
Corentin Celton 1 Non
80%
Bolivar 1 Non
80%
Plaisance 10 Non
80%
Censier-Daubenton 10 Non
80%
Plaisance 11 Non
80%
Bolivar 12 Non
80%
Corentin Celton 13 Non
80%
Bolivar 13 Non
80%
Corentin Celton 14 Non
80%
Bolivar 14 Non
80%
Félix Faure 2 Non
80%
Corentin Celton 3 Non
80%
Félix Faure 3 Non
80%
Censier-Daubenton 3 Non
80%
Plaisance 3bis Non
80%
Bolivar 4 Non
80%
Plaisance 4 Non
80%
Château Rouge 4 Oui
80%
Corentin Celton 5 Non
80%
Corentin Celton 6 Non
80%
Bolivar 6 Non
80%
Félix Faure 6 Non
80%
Jasmin 7 Non
80%
Bolivar 7 Non
80%
Félix Faure 7 Non
80%
Censier-Daubenton 7bis Non
80%
Corentin Celton 8 Non
80%
Censier-Daubenton 8 Non
80%
Corentin Celton 9 Non
80%
Grands Boulevards 9 Oui
80%
Félix Faure 9 Non
80%
Plaisance 9 Non
80%
Bolivar 10 Non
78%
Félix Faure 12 Non
78%
Mairie de Saint-Ouen 14 Oui
78%
Anatole France 2 Non
78%
Corentin Celton 2 Non
78%
Bolivar 2 Non
78%
Plaisance 2 Non
78%
Temple 3 Oui
78%
Bolivar 3bis Non
78%
Corentin Celton 4 Non
78%
Odéon 4 Oui
78%
Corentin Celton 7 Non
78%
Bolivar 8 Non
78%
Bolivar 9 Non
78%
Corentin Celton 10 Non
76%
Jasmin 10 Non
76%
Félix Faure 10 Non
76%
Corentin Celton 11 Non
76%
Ternes 3 Non
76%
Plaisance 6 Non
76%
Corentin Celton 7bis Non
76%
Grands Boulevards 8 Oui
76%
Reuilly-Diderot 1 Oui
75%
Bolivar 11 Non
75%
Corentin Celton 3bis Non
75%
Bolivar 5 Non
75%
Nationale 6 Oui
75%
Porte des Lilas 11 Oui
73%
Bolivar 3 Non
73%
République 9 Oui
73%
Odéon 10 Oui
71%
République 8 Oui
71%
République 3 Oui
69%
Reuilly-Diderot 8 Oui
69%
Ternes 2 Oui
68%
Laumière 5 Oui
68%
Guy Môquet 13 Oui
66%
Félix Faure 8 Oui
66%
République 11 Oui
64%
Plaisance 13 Oui
64%
Censier-Daubenton 7 Oui
64%
Corentin Celton 12 Oui
63%
Anatole France 3 Oui
63%
Mairie de Saint-Ouen 13 Oui
61%
Montreuil-Hôpital 9 Non
61%
Jasmin 9 Oui
61%
Bolivar 7bis Oui
59%
Villejuif - Gustave Roussy 14 Oui
54%
Villejuif - Gustave Roussy 7 Non
53%
Porte des Lilas 3bis Oui
49%
Montreuil-Hôpital 11 Oui
47%
Aucun quiz correspondant
Distribution des résultats
% des personnes avec chaque résultat
Percentile par nombre de réponses
Votre historique - résultats
Vous n’avez pas pris ce quiz